Entry Término temático
001 - NÚMERO DE CONTROL
- campo de control: 78202
003 - IDENTIFICADOR DEL NÚMERO DE CONTROL
- campo de control: BNPHU
005 - FECHA Y HORA DE LA ÚLTIMA TRANSACCIÓN
- campo de control: 20250314133235.0
008 - DATOS DE LONGITUD FIJA
- campo de control de longitud fija: 210322|| aca||aabn | a|a d
010 ## - NÚMERO DE CONTROL DE LA BIBLIOTECA DEL CONGRESO
- Número de control de LC: sh2020000570
040 ## - FUENTE DE LA CATALOGACIÓN
- Centro catalogador/agencia de origen: DO-SdBNP
- Lengua de catalogación: spa
- Centro/agencia transcriptor: BNPHU
- Normas de descripción: rda
150 ## - ENCABEZAMIENTO--TÉRMINO DE MATERIA
- Término de materia o nombre geográfico como elemento de entrada: COVID-19 (Enfermedad)
450 0# - TRAZADO DE VÉASE--TÉRMINO DE MATERIA
- Término de materia o nombre geográfico como elemento de entrada: COVID-19 (Disease)
450 0# - TRAZADO DE VÉASE--TÉRMINO DE MATERIA
- Término de materia o nombre geográfico como elemento de entrada: Enfermedad por COVID-19
450 0# - TRAZADO DE VÉASE--TÉRMINO DE MATERIA
- Término de materia o nombre geográfico como elemento de entrada: Enfermedad por coronavirus 2019
450 0# - TRAZADO DE VÉASE--TÉRMINO DE MATERIA
- Término de materia o nombre geográfico como elemento de entrada: Infección por SARS-CoV-2
450 0# - TRAZADO DE VÉASE--TÉRMINO DE MATERIA
- Término de materia o nombre geográfico como elemento de entrada: Neumonía de Wuhan
550 ## - TRAZADO VÉASE ADEMÁS--TÉRMINO DE MATERIA
- Término de materia o nombre geográfico como elemento de entrada: Infecciones por coronavirus
- Subcampo de control: g
550 ## - TRAZADO VÉASE ADEMÁS--TÉRMINO DE MATERIA
- Término de materia o nombre geográfico como elemento de entrada: Infecciones respiratorias
- Subcampo de control: g
670 ## - FUENTE DE DATOS ENCONTRADOS
- Cita de la fuente: Work cat.: (OSt)49411: República Dominicana. Ministerio de Salud Pública 43088, Lineamientos generales para la normalización de la provisión de servicios de salud ante la pandemia de COVID-19 /, 2020.
670 ## - FUENTE DE DATOS ENCONTRADOS
- Número de control del registro bibliográfico: https://authorities.loc.gov/cgi-bin/Pwebrecon.cgi?AuthRecID=11353791&v1=1&HC=1&SEQ=20250313121323&PID=x78dIiiyW1xJMm6Ru5izIH7YuoX37 Consultado en 13 de marzo, 2025
670 ## - FUENTE DE DATOS ENCONTRADOS
- Identificador Uniforme del Recurso: https://librunam.dgb.unam.mx:8443/F/39GAG3YJGBNG89YCDTGATFDI9FC6MD8U3FYVX6XHT9EC7BEEXB-01521?func=full-set-set&set_number=004317&set_entry=000007&format=001 Consultado en 13 de marzo, 2025
